[Event "Deva tt"]
[Site "Deva"]
[Date "1999.??.??"]
[Round "?"]
[White "Sofron, Tudor"]
[Black "Ilisan, Gh"]
[Result "0-1"]
[WhiteElo "2055"]
[BlackElo "1740"]
[PlyCount "122"]
[EventDate "1999.07.??"]
[EventType "team"]
[EventRounds "9"]
[EventCountry "ROU"]
[SourceTitle "EXT 2004"]
[Source "ChessBase"]
[SourceDate "2003.11.25"]
[SourceVersion "1"]
[SourceVersionDate "2003.11.25"]
[SourceQuality "1"]

1. e4 Nf6 2. e5 Nd5 3. d4 d6 4. c4 Nb6 5. exd6 cxd6 6. Be3 g6 7. Nc3 Bg7 8. Qd2 Nc6 9. b3 Bf5 10. Be2 d5 11. c5 Nd7 12. g4 Be6 13. Na4 0-0 14. h3 Nf6 15. Nc3 Re8 16. f4 Ne4 17. Nxe4 dxe4 18. Rd1 Bd5 19. Bc4 e6 20. Ne2 a6 21. 0-0 Ne7 22. Kg2 Qd7 23. Kf2 Rad8 24. Rg1 Bc6 25. h4 Nd5 26. Bxd5 exd5 27. a4 Qc8 28. Rg3 Qc7 29. a5 Bb5 30. Ng1 Bd3 31. Nh3 Qc6 32. Kg2 Rc8 33. Nf2 Bb5 34. h5 f5 35. gxf5 gxf5 36. Rh1 Re6 37. Nh3 h6 38. Nf2 Kh7 39. Nh3 Rf6 40. Kf2 Qe8 41. Ke1 Rc7 42. Qg2 Rf8 43. Rg1 Rg8 44. Rg6 Re7 45. Qg3 Qd8 46. b4 Be8 47. Rd6 Rd7 48. Ng5+ hxg5 49. fxg5 Rxd6 50. cxd6 Bf6 51. g6+ Bxg6 52. hxg6+ Kg7 53. Bh6+ Kxh6 54. g7 Bh4 55. Rh1 Kh5 56. Kd1 Qg5 57. Qe5 Qg4+ 58. Kc1 Qg5+ 59. Kb1 Rxg7 60. Rc1 Rg8 61. d7 Rd8 0-1